| 000 | 00684nam a22002177a 4500 | ||
|---|---|---|---|
| 005 | 20150908150048.0 | ||
| 010 | _aENG-113512 | ||
| 020 |
_c590.00 _a9789351480242 |
||
| 020 |
_c590.00 _a9351480240 |
||
| 035 | _aEN-97044 | ||
| 037 | _bDBAD/PUB | ||
| 082 | _a280 | ||
| 245 |
_aMarriage and family in the plan of god : _cedited by L. Sahayaraj _brefiections of Saint John Paul II / |
||
| 260 |
_aNew Delhi _bChristian World Imprints _c2014 |
||
| 270 |
_aH-12 Bali Nagar _bNew Delhi _e110015 |
||
| 300 |
_axvi,192p. _c23cm(Hb) |
||
| 490 | _aChristian heritage rediscovered-11 | ||
| 500 | _aIncludes index | ||
| 700 | _aSahayaraj, L. | ||
| 942 |
_2ddc _cEN _mMAR _h280 |
||
| 999 |
_c95007 _d95007 |
||